| 000 | 00469nam a2200169 a 4500 | ||
|---|---|---|---|
| 001 | 2758 | ||
| 003 | CDMR | ||
| 005 | 20131025133453.0 | ||
| 008 | 130130s2000||||||||||||||||||||||||||||d | ||
| 020 | _a8493103829 | ||
| 040 |
_aCDMR _bcat _cCDMR |
||
| 100 | 1 |
_aDíaz Prieto, Luisa _92074 |
|
| 245 | 1 | 0 |
_aMatías Prats _b: todo un mito |
| 260 |
_aVilla del Rio (Córdoba) _c2000 _bDiputación de Córdoba |
||
| 600 | 1 |
_94189 _aPrats Cañete, Matías _d1913-2004 |
|
| 942 |
_cMON _2udc |
||
| 999 |
_c2758 _d2758 |
||